Регионална библиотека "Любен Каравелов" - Русе

Мъдрият Йосиф (Запис номер 127374)

MARC детайли
000 -Лидер
Контролно поле с фиксирана дължина 01247nam a2200337 c 4500
003 - Код на организацията, давaща контролен номер
Контролно поле BLK
005 - Дата и час на последна редакция
Контролно поле 20210201103834.0
008 - Елементи от данни с фиксирана дължина
fixed length control field 180409b bul|||||r ||||||| ||bul||
010 ## - Наследен системен номер
LC control number KNG00133076000
040 ## - Източник на каталожния запис
Идентификатор на билиотеката - собственик на записа BLK
041 ## - Код за език
Код за езика на текст/звукозапис или на отделно заглавие Български
Код за езика КДБФ Български
080 ## - УДК
Текстов определител УДК Свещено писание. Библия. Стар и Нов завет
УДК код - определител по УДК 22
УДК определител :087.5
УДК - код + определител 22:087.5
139 ## - Редно поле
Редна дума Билин, Боян
Авторски знак Би - Б 44
245 10 - Сведения за заглавието
Заглавие Мъдрият Йосиф
Редно поле (дума) преразк. Боян Билин; ил. Симеон Кръстев.
257 ## - Страна на издаване
Страна на създаване/издаване България
260 ## - Област на издателските данни
Име на издателя, разпространителя и проч. Плеяда
Година на издаване 1991
Място на издаване, разпространение и проч. София
300 ## - Физическа характеристика
Страници 32 с.
Илюстрации и др. с цв. ил.
Размери/Мащаб 29 см
380 ## - Жанр
Жанр Религия. Теология
490 ## - СЕРИИ (Колекции)
Име на серия Моята първа Библия:Вехтият Завет
9 (RLIN) 439959
500 ## - Общи забележки
Забележка Авт. не е отбелязан на кор. - 5 000 тир.
650 #4 - Допълнително описание по предмет – тема
Основно описание – тема или топоним Библия
9 (RLIN) 148564
653 ## - Ключова дума – ненормативна
Ключова дума Библия
653 ## - Ключова дума – ненормативна
Ключова дума Стар Завет
700 1# - Други автори (авторска отговорност)
Лично име Билин, Боян
Автороска отговорност (Описва отношението между автора и произведението) преразк.
9 (RLIN) 39075
700 1# - Други автори (авторска отговорност)
Лично име Кръстев, Симеон
Автороска отговорност (Описва отношението между автора и произведението) ил.
9 (RLIN) 377767
852 ## - Местоположение
Форматна сигнатура Цб ІІ 17172
856 4# - Електронен адрес и достъп
Електронен формат pdf - файл
856 4# - Електронен адрес и достъп
Електронен формат pdf - файл
999 ## - СИСТЕМНИ КОНТРОЛНИ НОМЕРА
Koha biblionumber 127374
Koha biblioitemnumber 127374
942 ## - АРТИКУЛИ
Вид на библиотечния материал Книги
Скрит в OPAC Не
Периодичен библиозапис Да
944 ## - СЪЗДАВАНЕ И РЕДАКЦИЯ на ЗАПИСА
Създаване/Редакция Създаване
Дата на регистрацията/редакция 23.08.2012
Статус, дата на статуса 23.08.2012 - от С1,Р / 23.08.2012
Служител, извършил регистрацията/редакцията Елица_Владова
944 ## - СЪЗДАВАНЕ И РЕДАКЦИЯ на ЗАПИСА
Създаване/Редакция Редакция
Дата на регистрацията/редакция 23.08.2012
Статус, дата на статуса 23.08.2012 - от С1,Р / 23.08.2012
999 ## - СИСТЕМНИ КОНТРОЛНИ НОМЕРА
Koha biblioitemnumber 127374
999 ## - СИСТЕМНИ КОНТРОЛНИ НОМЕРА
Koha biblioitemnumber 127374
999 ## - СИСТЕМНИ КОНТРОЛНИ НОМЕРА
Koha biblioitemnumber 127374
999 ## - СИСТЕМНИ КОНТРОЛНИ НОМЕРА
Koha biblioitemnumber 127374
Наличности
Код за отписване Код за изгубен артикул Източник на класификационната схема Код за повреда Коз за рестрикции Код за отдаване Артикулен № Име на библиотеката - собственик Име на библиотеката, в която се намира в момента Статус (Текущо местоположение) Дата на вписване в системата Местоположение - отдел Цена в лева Инвентарен номер Систематично азбучна сигнатура Баркод Номер на екземпляра Цена в евро Служебна бележка Служебен тип на артикула
  Не е изгубен Universal Decimal Classification Не е повреден без рестрикции ползва се в читалня 207201 Регионална библиотека "Любен Каравелов" Русе Регионална библиотека "Любен Каравелов" Русе Хранилище 1991-01-01 Хранилище 4.20 548333 Цб ІІ 17172 120000548333 1 2.15 N: стар фонд Дата: 01.01.1991 Книги
Изтеглен Не е изгубен Universal Decimal Classification Не е повреден без рестрикции заемане за дома 207202 Регионална библиотека "Любен Каравелов" Русе Регионална библиотека "Любен Каравелов" Русе Детски отдел 1991-01-01 Детски отдел 4.20 547708 ДН 2/Б 44 547708 2 2.15 Дата: 01.01.1991 Дата инв: 26.08.2015 Бележки инв: Д2015 Книги
Изтеглен Не е изгубен Universal Decimal Classification Не е повреден без рестрикции заемане за дома 207203 Регионална библиотека "Любен Каравелов" Русе Регионална библиотека "Любен Каравелов" Русе Детски отдел 1991-01-01 Детски отдел 4.20 547710 ДН 2/Б 44 547710 3 2.15 Дата: 01.01.1991 Дата инв: 26.08.2015 Бележки инв: Д2015 Книги
Изтеглен Не е изгубен Universal Decimal Classification Не е повреден без рестрикции заемане за дома 207204 Регионална библиотека "Любен Каравелов" Русе Регионална библиотека "Любен Каравелов" Русе Детски отдел 1991-01-01 Детски отдел 4.20 547711 ДН 2/Б 44 547711 4 2.15 Дата: 01.01.1991 Дата инв: 26.08.2015 Бележки инв: Д2015 Книги
Vip Innovations Ltd, Rousse, Bulgaria 2025